000 00430nam a2200121Ia 4500
008 171212s9999 xx 000 0 und d
020 _a9781783742387
245 _ceditor Driscoll, Matthew James;Pierazzo, Elena
_aDigital Scholarly Editing
_bTheories and Practices
260 _bOpen Book Publishers
_c2016
440 _aDigital Humanities Series
650 _aLanguage & Literature
856 _uhttp://jstor.org/stable/j.ctt1fzhh6v
999 _c351575
_d351575